F.A. Social Science-IX (Record no. 4010)

MARC details
000 -LEADER
fixed length control field 00210nam a22000857a 4500
008 - FIXED-LENGTH DATA ELEMENTS--GENERAL INFORMATION
fixed length control field 161121b xxu||||| |||| 00| 0 eng d
100 ## - MAIN ENTRY--PERSONAL NAME
9 (RLIN) 1300
Personal name CBSE
245 ## - TITLE STATEMENT
Title F.A. Social Science-IX
260 ## - PUBLICATION, DISTRIBUTION, ETC. (IMPRINT)
Place of publication, distribution, etc. New delhi
Name of publisher, distributor, etc. CBSE
Date of publication, distribution, etc. 2010
Holdings
Withdrawn status Lost status Source of classification or shelving scheme Damaged status Koha normalized classification for sorting Not for loan Home library Current library Shelving location Date acquired Total Checkouts Full call number Barcode Date last seen Price effective from Koha item type Date last checked out
    Dewey Decimal Classification   300_000000000000000   Good Samaritan School Library Good Samaritan School Library Social Science 11/21/2016   300 CBS9517 11/21/2016 11/21/2016 BOOK  
    Dewey Decimal Classification   300_000000000000000   Good Samaritan School Library Good Samaritan School Library Social Science 11/21/2016 1 300 CBS9518 10/01/2019 11/21/2016 BOOK 09/20/2019
    Dewey Decimal Classification   300_000000000000000   Good Samaritan School Library Good Samaritan School Library Social Science 11/21/2016   300 CBS9519 11/21/2016 11/21/2016 BOOK  

Powered by Koha